000 00337nam a2200145Ia 4500
008 090124s9999 xx 000 0 und d
082 _b301294
245 _a कारण
250 _a1
260 _bवैद्य सुरेश.
_c1985
300 _a212
630 _a कारण
730 _a कारण
942 _cBOOK
999 _c190848
_d190848